Filosofía accidental : ensayos sobre el hombre y el Absoluto (Record no. 77439)

MARC details
000 -LEADER
campo de control de longitud fija 00481nmm a2200157Ia 4500
008 - DATOS DE LONGITUD FIJA--INFORMACIÓN GENERAL
campo de control de longitud fija 251105s9999||||xx |||||||||||||||||und||
020 ## - NÚMERO INTERNACIONAL ESTÁNDAR DEL LIBRO
Número Internacional Estándar del Libro 9788416252282
041 ## - CÓDIGO DE IDIOMA
Código de lengua del texto/banda sonora o título independiente spa
100 ## - ENTRADA PRINCIPAL--NOMBRE DE PERSONA
Nombre de persona Ridao, José María
245 #0 - MENCIÓN DEL TÍTULO
Título Filosofía accidental : ensayos sobre el hombre y el Absoluto
264 ## - PRODUCCIÓN, PUBLICACIÓN, DISTRIBUCIÓN, FABRICACIÓN Y COPYRIGHT
Producción, publicación, distribución, fabricación y copyright [Madrid, España] :
Nombre del de productor, editor, distribuidor, fabricante Galaxia Gutenberg,
Fecha de producción, publicación, distribución, fabricación o copyright 2015
300 ## - DESCRIPCIÓN FÍSICA
Extensión 280 páginas
650 ## - PUNTO DE ACCESO ADICIONAL DE MATERIA--TÉRMINO DE MATERIA
Término de materia o nombre geográfico como elemento de entrada Philosophy, Ethics
856 ## - LOCALIZACIÓN Y ACCESO ELECTRÓNICOS
Identificador Uniforme de Recursos <a href="https://public.digitaliapublishing.com/a/37384">https://public.digitaliapublishing.com/a/37384</a>
942 ## - ELEMENTOS DE ENTRADA SECUNDARIOS (KOHA)
Tipo de ítem Koha Libro Digital

No items available.

Powered by Koha